000 nam a22 7a 4500
999 _c232932
_d232932
003 Nust
005 20170227100401.0
008 170227b xxu||||| |||| 00| 0 eng d
040 _cDLC
082 _a928 MUF
245 _aالکھ نگرِی
_cممتا ز مفتی
260 _aLahore :
_c2008
300 _a880p. :
_c26cm
942 _2ddc
_cBK